[Event "Titled Tuesday intern op 24th Oct Late"]
[Site "Chess.com INT"]
[Date "2023.10.24"]
[Round "9"]
[White "Bullen, Alex"]
[Black "Kleibel, Uwe"]
[Result "0-1"]
[WhiteElo "2168"]
[BlackElo "2304"]
[PlyCount "90"]
[EventDate "2023.10.24"]
[EventType "swiss (blitz)"]
[EventRounds "11"]
[EventCountry "USA"]
[SourceTitle "Mega2024 Update 01"]
[Source "Chessbase"]
[SourceDate "2023.11.12"]
[SourceVersion "1"]
[SourceVersionDate "2023.11.12"]
[SourceQuality "1"]

1. d4 d5 2. Nf3 Nf6 3. c4 e6 4. e3 Be7 5. Nbd2 0-0 6. b3 a6 7. Bd3 b6 8. Bb2 Bb7 9. 0-0 Nbd7 10. Ne5 Nxe5 11. dxe5 Nd7 12. f4 Nc5 13. Bc2 dxc4 14. bxc4 Nd3 15. Bd4 c5 16. Bxd3 cxd4 17. e4 Bc5 18. Rf3 f6 19. Rh3 g6 20. Qg4 f5 21. exf5 exf5 22. Qe2 Qe7 23. Re1 a5 24. Nf3 Be4 25. Ng5 Bxd3 26. Qxd3 h5 27. Rg3 Kh8 28. Nf3 Rg8 29. e6 Rad8 30. Re5 Rd6 31. Ng5 Rc6 32. Nf7+ Kh7 33. Ng5+ Kg7 34. h3 Bd6 35. Nf7 Bxe5 36. Nxe5 Rxe6 37. Qxf5 Kh7 38. Nxg6 Rgxg6 39. Qxh5+ Rh6 40. Qf5+ Reg6 41. Rxg6 Rxg6 42. Qh5+ Kg7 43. f5 Qe1+ 44. Kh2 Qg3+ 45. Kh1 Qxg2# 0-1

[Event "Titled Tuesday intern op 24th Oct Late"]
[Site "Chess.com INT"]
[Date "2023.10.24"]
[Round "2"]
[White "Hambleton, Aman"]
[Black "Bullen, Alex"]
[Result "1-0"]
[WhiteElo "2420"]
[BlackElo "2168"]
[PlyCount "93"]
[EventDate "2023.10.24"]
[EventType "swiss (blitz)"]
[EventRounds "11"]
[EventCountry "USA"]
[SourceTitle "Mega2024 Update 01"]
[Source "Chessbase"]
[SourceDate "2023.11.12"]
[SourceVersion "1"]
[SourceVersionDate "2023.11.12"]
[SourceQuality "1"]

1. d4 d5 2. Nc3 Nf6 3. Bf4 e6 4. Nb5 Na6 5. e3 Be7 6. Nf3 0-0 7. Ne5 c6 8. Nc3 Bd7 9. Bxa6 bxa6 10. Na4 c5 11. Nxc5 Bxc5 12. dxc5 Qa5+ 13. c3 Qxc5 14. g4 Bb5 15. a4 Bc6 16. Qd4 Qxd4 17. exd4 Rac8 18. f3 Nd7 19. Nd3 Nb6 20. b3 Be8 21. Kd2 Nd7 22. Bd6 f5 23. Bxf8 Nxf8 24. gxf5 exf5 25. Rhe1 Bh5 26. Re3 Ng6 27. Rg1 f4 28. Re2 Bxf3 29. Rf2 Be4 30. Nxf4 Nxf4 31. Rxf4 Rb8 32. b4 a5 33. b5 a6 34. bxa6 Ra8 35. c4 Rxa6 36. Rxe4 dxe4 37. d5 Kf7 38. Ke3 Rb6 39. c5 Rb4 40. c6 Ke7 41. Rxg7+ Kd6 42. Rd7+ Kc5 43. c7 Rb3+ 44. Kxe4 Kb6 45. c8Q h5 46. Rb7+ Ka6 47. Qa8# 1-0

[Event "Titled Tuesday intern op 24th Oct Late"]
[Site "Chess.com INT"]
[Date "2023.10.24"]
[Round "5"]
[White "Tologontegin, Semetey"]
[Black "Bullen, Alex"]
[Result "1-0"]
[WhiteElo "2368"]
[BlackElo "2168"]
[PlyCount "81"]
[EventDate "2023.10.24"]
[EventType "swiss (blitz)"]
[EventRounds "11"]
[EventCountry "USA"]
[SourceTitle "Mega2024 Update 01"]
[Source "Chessbase"]
[SourceDate "2023.11.12"]
[SourceVersion "1"]
[SourceVersionDate "2023.11.12"]
[SourceQuality "1"]

1. a3 d5 2. e3 Nf6 3. c4 e6 4. Nf3 Be7 5. b4 0-0 6. Bb2 c6 7. d4 b6 8. Nbd2 Bb7 9. Bd3 Nbd7 10. 0-0 c5 11. dxc5 bxc5 12. b5 Nb6 13. a4 dxc4 14. Nxc4 Qc7 15. Qc2 Nbd5 16. Qb3 Nb4 17. Be2 Rfd8 18. Rfd1 Rxd1+ 19. Rxd1 Rd8 20. Nfe5 Nfd5 21. Bf3 Bf6 22. h3 h6 23. g3 Nb6 24. Rxd8+ Bxd8 25. Bxb7 Qxb7 26. Nd6 Qd5 27. Qxd5 exd5 28. Nc6 Bc7 29. Ne8 Nxa4 30. Bxg7 Bb6 31. Be5 Nd3 32. Nf6+ Kf8 33. Bd6+ Kg7 34. Nxd5 c4 35. Ne5 Nxe5 36. Bxe5+ Kg6 37. g4 Ba5 38. Kf1 c3 39. Nf4+ Kh7 40. Nd3 c2 41. Ke2 1-0

[Event "Calvia Amateur op 20th"]
[Site "Calvia"]
[Date "2023.10.14"]
[Round "8"]
[White "Bullen, Alex"]
[Black "Hrbolka, Ladislav"]
[Result "1-0"]
[WhiteElo "2168"]
[BlackElo "2035"]
[PlyCount "93"]
[EventDate "2023.10.07"]
[EventType "swiss"]
[EventRounds "9"]
[EventCountry "ESP"]
[SourceTitle "Mega2024 Update 01"]
[Source "Chessbase"]
[SourceDate "2023.11.12"]
[SourceVersion "1"]
[SourceVersionDate "2023.11.12"]
[SourceQuality "1"]

1. d4 g6 2. g3 Bg7 3. Bg2 d6 4. Nf3 f5 5. 0-0 Nf6 6. c4 c6 7. Nc3 0-0 8. b4 Qe8 9. Qb3 Kh8 10. Bb2 Be6 11. d5 Bg8 12. Rad1 e5 13. dxe6 Qxe6 14. Ng5 Qxc4 15. Qxc4 Bxc4 16. Rxd6 Nbd7 17. Ne6 Bxe6 18. Rxe6 Rfe8 19. Rxe8+ Rxe8 20. Rd1 Nb6 21. b5 Nfd5 22. Nxd5 Bxb2 23. Nxb6 axb6 24. Rd2 Ba3 25. bxc6 bxc6 26. Bxc6 Re7 27. Kg2 Kg7 28. Bb5 Bc5 29. Kf3 Kf6 30. e3 Ra7 31. a4 Re7 32. Rc2 Rc7 33. Ke2 Bd6 34. Ra2 Bb4 35. Kd3 Ke5 36. Bc4 Rd7+ 37. Ke2 Rc7 38. Rc2 Ba5 39. Rc1 Bb4 40. f3 Ba5 41. f4+ Kf6 42. e4 fxe4 43. Ke3 Rd7 44. Rc2 Bb4 45. Bb5 Bc5+ 46. Rxc5 bxc5 47. Bxd7 1-0

[Event "Calvia Amateur op 20th"]
[Site "Calvia"]
[Date "2023.10.08"]
[Round "2"]
[White "Bullen, Alex"]
[Black "Sjodahl, Sten"]
[Result "1-0"]
[WhiteElo "2168"]
[BlackElo "1860"]
[PlyCount "93"]
[EventDate "2023.10.07"]
[EventType "swiss"]
[EventRounds "9"]
[EventCountry "ESP"]
[SourceTitle "Mega2024 Update 01"]
[Source "Chessbase"]
[SourceDate "2023.11.12"]
[SourceVersion "1"]
[SourceVersionDate "2023.11.12"]
[SourceQuality "1"]

1. d4 d5 2. Nf3 c6 3. c4 Nf6 4. e3 e6 5. b3 Bb4+ 6. Nbd2 0-0 7. Bd3 dxc4 8. bxc4 b6 9. 0-0 c5 10. Bb2 cxd4 11. exd4 Bb7 12. Ne5 Nc6 13. Ndf3 Bd6 14. Rc1 Ne7 15. c5 bxc5 16. dxc5 Bxe5 17. Bxe5 Nc6 18. Bd6 Re8 19. Rb1 Qc8 20. Qa4 Ne7 21. Ne5 Bd5 22. Bb5 Ng6 23. Bxe8 Nxe8 24. Rfc1 Nxe5 25. Bxe5 Bc6 26. Qg4 f6 27. Bf4 Bd5 28. Rb2 Qc6 29. Be3 Rc8 30. f3 Qa6 31. Qd4 Qa5 32. Rcb1 Nc7 33. Rb8 Rxb8 34. Rxb8+ Kf7 35. Qd2 Qa6 36. h3 Qc6 37. Qc2 g6 38. Bh6 Ne8 39. Bf4 e5 40. Be3 Qc7 41. Qb2 Qa5 42. Qb5 Qxb5 43. Rxb5 Nc7 44. Ra5 a6 45. c6 Bc4 46. Bb6 Na8 47. Bd8 1-0

[Event "Titled Tuesday intern op 19th Sep Late"]
[Site "Chess.com INT"]
[Date "2023.09.19"]
[Round "10"]
[White "Bullen, Alex"]
[Black "Garcia Correa, Jose Ricardo"]
[Result "0-1"]
[WhiteElo "2128"]
[BlackElo "2103"]
[PlyCount "58"]
[EventDate "2023.09.19"]
[EventType "swiss (blitz)"]
[EventRounds "11"]
[EventCountry "USA"]
[SourceTitle "EXT 2024"]
[Source "ChessBase"]
[SourceDate "2023.10.10"]
[SourceVersion "1"]
[SourceVersionDate "2023.10.10"]
[SourceQuality "1"]

1. a4 g6 2. c3 Bg7 3. d4 b6 4. Nf3 Bb7 5. Bg5 d6 6. e3 Nd7 7. Nbd2 Ngf6 8. Bc4 a6 9. 0-0 0-0 10. Re1 d5 11. Bf1 Ne4 12. Nxe4 dxe4 13. Nd2 f5 14. f3 h6 15. Bh4 g5 16. Bf2 e5 17. fxe4 f4 18. exf4 exf4 19. e5 Qe7 20. Ne4 Rad8 21. h4 Nxe5 22. hxg5 hxg5 23. Bc4+ Nxc4 24. Qh5 Bxe4 25. Re2 Rde8 26. Rae1 Nd6 27. g3 Qf7 28. Qh3 Bf5 29. Qh2 Rxe2 0-1

[Event "Titled Tuesday intern op 05th Sep Early"]
[Site "Chess.com INT"]
[Date "2023.09.05"]
[Round "1"]
[White "Bullen, Alex"]
[Black "Ahmad, Khagan"]
[Result "0-1"]
[WhiteElo "2128"]
[BlackElo "2306"]
[PlyCount "50"]
[EventDate "2023.09.05"]
[EventType "swiss (blitz)"]
[EventRounds "11"]
[EventCountry "USA"]
[SourceTitle "EXT 2024"]
[Source "ChessBase"]
[SourceDate "2023.10.10"]
[SourceVersion "1"]
[SourceVersionDate "2023.10.10"]
[SourceQuality "1"]

1. d4 Nf6 2. Nf3 e6 3. Bf4 d5 4. e3 Bd6 5. Bg3 c5 6. c3 Qc7 7. Bd3 Nbd7 8. Nbd2 e5 9. dxe5 Nxe5 10. Nxe5 Bxe5 11. Bxe5 Qxe5 12. Nf3 Qe7 13. 0-0 0-0 14. h3 h6 15. Re1 b6 16. Nd2 Bb7 17. Rc1 Rad8 18. c4 dxc4 19. Bxc4 Ne4 20. Rc2 Qd7 21. Re2 b5 22. Qc1 bxc4 23. Nxc4 Ba6 24. Re1 Qf5 25. Rd1 Bxc4 0-1

[Event "Titled Tuesday intern op 05th Sep Late"]
[Site "Chess.com INT"]
[Date "2023.09.05"]
[Round "8"]
[White "Bullen, Alex"]
[Black "Gazineu Neto, Rubens"]
[Result "1-0"]
[WhiteElo "2128"]
[BlackElo "1912"]
[PlyCount "73"]
[EventDate "2023.09.05"]
[EventType "swiss (blitz)"]
[EventRounds "11"]
[EventCountry "USA"]
[SourceTitle "EXT 2024"]
[Source "ChessBase"]
[SourceDate "2023.10.10"]
[SourceVersion "1"]
[SourceVersionDate "2023.10.10"]
[SourceQuality "1"]

1. d4 d5 2. c3 Nf6 3. h3 e6 4. Bf4 c5 5. e3 Bd6 6. Bd3 Qc7 7. Bxd6 Qxd6 8. dxc5 Qxc5 9. Nd2 Nc6 10. Ngf3 0-0 11. 0-0 e5 12. e4 Rd8 13. exd5 Qxd5 14. Bc4 Qd6 15. Qb3 Na5 16. Bxf7+ Kh8 17. Qa4 Qc7 18. Bb3 Nxb3 19. Nxb3 h6 20. Rfe1 Re8 21. Qa5 b6 22. Qb5 Bd7 23. Qe2 e4 24. Nh4 Kh7 25. Nd4 Qe5 26. Nhf3 Qf4 27. Nd2 Kh8 28. Qe3 Qh4 29. Rad1 Rad8 30. Nc2 Bc8 31. Nf1 Rxd1 32. Rxd1 Bb7 33. Ng3 Nh5 34. Nf5 Qf6 35. Ncd4 Nf4 36. Qxf4 g5 37. Qc7 1-0

[Event "Titled Tuesday intern op 05th Sep Late"]
[Site "Chess.com INT"]
[Date "2023.09.05"]
[Round "3"]
[White "Bullen, Alex"]
[Black "Jovic, Stanoje"]
[Result "0-1"]
[WhiteElo "2128"]
[BlackElo "2075"]
[PlyCount "90"]
[EventDate "2023.09.05"]
[EventType "swiss (blitz)"]
[EventRounds "11"]
[EventCountry "USA"]
[SourceTitle "EXT 2024"]
[Source "ChessBase"]
[SourceDate "2023.10.10"]
[SourceVersion "1"]
[SourceVersionDate "2023.10.10"]
[SourceQuality "1"]

1. d4 Nf6 2. Nf3 e6 3. Bf4 d5 4. e3 Bd6 5. Bg3 0-0 6. c3 b6 7. Bd3 c5 8. Nbd2 Ba6 9. Bxa6 Nxa6 10. Qa4 Nc7 11. Qc6 Bxg3 12. hxg3 Qd7 13. Ne5 Qxc6 14. Nxc6 Rfe8 15. Ke2 Nd7 16. Nf3 f6 17. dxc5 bxc5 18. Rh4 c4 19. Rah1 h6 20. Ncd4 Nc5 21. Ne1 Rab8 22. b4 cxb3 23. Nxb3 Nxb3 24. axb3 Rxb3 25. Ra4 Rb2+ 26. Kf3 a6 27. Nd3 Rc2 28. Nc5 e5 29. g4 Rxc3 30. Nxa6 e4+ 31. Kg3 Nxa6 32. Rxa6 d4 33. Kf4 d3 34. Rd6 Rc2 35. f3 Rxg2 36. fxe4 d2 37. Rd1 Re5 38. R1xd2 Rg1 39. Rf2 Rg5 40. Ra2 R1xg4+ 41. Kf3 Rg3+ 42. Kf4 Kh7 43. Ra7 R5g4+ 44. Kf5 h5 45. Rxf6 Rf3+ 0-1

[Event "Titled Tuesday intern op 22nd Aug Late"]
[Site "Chess.com INT"]
[Date "2023.08.22"]
[Round "11"]
[White "Bazzano, Sebastian"]
[Black "Bullen, Alex"]
[Result "1-0"]
[WhiteElo "2288"]
[BlackElo "2128"]
[PlyCount "71"]
[EventDate "2023.08.22"]
[EventType "swiss (blitz)"]
[EventRounds "11"]
[EventCountry "USA"]
[SourceTitle "EXT 2024"]
[Source "ChessBase"]
[SourceDate "2023.10.10"]
[SourceVersion "1"]
[SourceVersionDate "2023.10.10"]
[SourceQuality "1"]

1. d4 d5 2. Bf4 Nf6 3. e3 c5 4. c3 Nc6 5. Nd2 cxd4 6. exd4 Bf5 7. Qb3 Qd7 8. Ngf3 e6 9. Bb5 Bd6 10. Ne5 Bxe5 11. Bxe5 0-0 12. 0-0 a6 13. Bxc6 Qxc6 14. Bxf6 gxf6 15. Qd1 Kh8 16. Qf3 Rg8 17. Rfe1 Rg7 18. Nf1 Be4 19. Qxf6 Bxg2 20. Ng3 Bh3 21. Kh1 Bg4 22. f3 Bf5 23. Nh5 Rag8 24. Rg1 Bg6 25. Nxg7 Rxg7 26. h4 h5 27. Rg5 Kh7 28. Rag1 Qe8 29. Rxh5+ Kg8 30. Rhg5 e5 31. h5 Qd7 32. R1g3 Rh7 33. Kg2 Qb5 34. Rxg6+ fxg6 35. Rxg6+ Rg7 36. Qxg7# 1-0